Hay que salvar al Congo / (Record no. 146983)

MARC details
000 -LEADER
campo de control de longitud fija 00531nam a2200181 i 4500
001 - NÚMERO DE CONTROL
campo de control 146983
003 - IDENTIFICADOR DE NÚMERO DE CONTROL
campo de control ES-MaACL
005 - FECHA Y HORA DE LA ÚLTIMA TRANSACCIÓN
campo de control 20230906201745.0
007 - CAMPO FIJO DE DESCRIPCIÓN FÍSICA--INFORMACIÓN GENERAL
campo de control de longitud fija t|
008 - DATOS DE LONGITUD FIJA--INFORMACIÓN GENERAL
campo de control de longitud fija 070920s1964 sp ||||1| spa d
080 ## - NÚMERO DE LA CLASIFICACIÓN DECIMAL UNIVERSAL
Número de la Clasificación Decimal Universal 32(675)
100 1# - ENTRADA PRINCIPAL--NOMBRE DE PERSONA
Nombre de persona Tshombe, Moïse.
9 (RLIN) 111606
245 10 - MENCIÓN DEL TÍTULO
Título Hay que salvar al Congo /
Mención de responsabilidad, etc. por Moïse Tshombe.
260 ## - PUBLICACIÓN, DISTRIBUCIÓN, ETC.
Lugar de publicación, distribución, etc. [Madrid :
Nombre del editor, distribuidor, etc. Paraninfo],
Fecha de publicación, distribución, etc. 1964.
300 ## - DESCRIPCIÓN FÍSICA
Extensión 22 p. ;
Dimensiones 21 cm.
651 ## - PUNTO DE ACCESO ADICIONAL DE MATERIA--NOMBRE GEOGRÁFICO
Nombre geográfico Congo (República Democrática)-
Subdivisión general Historia-
Subdivisión cronológica 1960-1965, Guerra civil.
9 (RLIN) 8079
852 ## - LOCALIZACIÓN
Ubicación ES-MaACL
Número de control de estantería 2038-F-2
Holdings
Estatus retirado Estado de pérdida Estado de daño No para préstamo Colección Biblioteca de origen Biblioteca actual Ubicación en estantería Fecha de adquisición Fuente de adquisición Total de préstamos Signatura topográfica completa Código de barras Visto por última vez Precio de reemplazo Tipo de ítem Koha
        Colección de folletos Biblioteca del Ateneo de Madrid Biblioteca del Ateneo de Madrid Depósito folletos 17/01/2008     2038-F-2 1153396 23/02/2023 23/02/2023 Folleto